000 00332nam a22001577a 4500
008 210305b ||||| |||| 00| 0 eng d
020 _a0060439289
041 _aeng
080 _a51
_x51
080 _251
_a51
082 _251
100 _a37
101 _aMAT
245 _aBefore Calculus
_cLouis Leithold
942 _2udc
_cBK
999 _c55814
_d55814